| 000 | 005560000a22001450004500 | ||
|---|---|---|---|
| 090 |
_aAs _bSeriadas |
||
| 245 | 1 | 0 | _aControl biológico de Leptopharsa gibbicarina (Hemiptera: Tingidae) con la hormiga Crematogaster sp. (Hymenoptera: Formicidae) en palma de aceite |
| 041 | 0 | _aEspañol | |
| 700 | 1 |
_aCalvache Guerrero, Hugo _939279 |
|
| 700 | 1 |
_aLuque Z., Jesús Emilio _9100101 |
|
| 700 | 1 |
_aMéndez, Adalberto _9100063 |
|
| 100 | 1 |
_aMontañez, Martha Lucía _9100102 |
|
| 942 | _cARTICULO | ||
| 773 | 1 |
_tRevista Colombiana de Entomología _h3-4 _q89-94 _d1998 _g24 |
|
| 999 |
_c15868 _d15868 |
||